Marvel Cinematic Universe — wszystkie filmy - Statystyki

Ogólne statystyki
  • Ten quiz został rozwiązany 1 787 razy
  • Średni wynik to 16 z 28
Statystyki odpowiedzi
Rok Film % Poprawnych
2008 Iron Man
95%
2012 Avengers
92%
2010 Iron Man 2
91%
2011 Captain America: Pierwsze starcie
90%
2013 Iron Man 3
88%
2011 Thor
85%
2008 Incredible Hulk
79%
2015 Avengers: Czas Ultrona
69%
2019 Avengers: Koniec gry
65%
2018 Thor: Ragnarok
63%
2018 Czarna Pantera
62%
2021 Czarna Wdowa
59%
2016 Doktor Strange
59%
2013 Thor: Mroczny świat
57%
2017 Spider-Man: Homecoming
57%
2015 Ant-Man
56%
2014 Strażnicy Galaktyki
50%
2016 Kapitan Ameryka: Wojna bohaterów
48%
2019 Kapitan Marvel
46%
2018 Ant-Man i Osa
45%
2017 Strażnicy Galaktyki vol. 2
43%
2021 Spider-Man: Bez drogi do domu
42%
2022 Thor: Miłość i grom
40%
2019 Spider-Man: Far From Home
39%
2022 Doktor Strange w multiwersum obłędu
31%
2021 Eternals
30%
2021 Shang-Chi i legenda dziesięciu pierścieni
27%
2022 Czarna Pantera: Wakanda w moim sercu
23%
Nie znaleziono quizów pasujących do podanych kryteriów
Rozkład punktacji
Procent ludzi z każdym wynikiem
Percentyl według liczby udzielonych odpowiedzi
Twoja historia wyników
Nie rozwiązałeś tego quizu